Bible by Letter - M - Statistics

General Stats
  • This quiz has been taken 314 times
  • The average score is 11 of 15
Answer Stats
Hint Answer % Correct
Mother of Jesus Mary
98%
Zion, Sinai and Ararat are examples of this Mountain
91%
One of the three gifts given to Jesus by the above Myrrh
87%
Stephen's death made him the first of many _______s Martyr
86%
Island on which Paul was shipwrecked, a modern day country Malta
83%
Where Jesus was born, which stores food for animals Manger
82%
Food which God provided the Israelites in the desert Manna
81%
Another new testament book Mark
81%
New testament book Matthew
81%
Jesus was the promised _________ Messiah
81%
Another name of the wise men that visited Jesus Magi
75%
Brother of Aaron and Miriam Moses
64%
Last book of the Old Testament Malachi
41%
Book of the Bible after Jonah Micah
37%
Ancient land which Ruth came from Moab
37%
No matching quizzes found
Score Distribution
Percent of People with Each Score
Percentile by Number Answered
Your Score History
You have not taken this quiz